书目信息 |
| 题名: |
爱的教育
|
|
| 作者: | 亚米契斯 著 ;夏丐尊 译 | |
| 分册: | ||
| 出版信息: | 南京 译林出版社 2002 |
|
| 页数: | 293页 | |
| 开本: | 19cm | |
| 丛书名: | 世界文学名著 | |
| 单 册: | ||
| 中图分类: | I546.44 | |
| 科图分类: | ||
| 主题词: | 儿童文学-故事--意大利--近代--选集 , 故事-儿童文学--意大利--近代--选集 | |
| 电子资源: | ||
| ISBN: | 7-80567-644-5 | |
| 000 | 00868nam0 2200277 45 | |
| 001 | 0198002900 | |
| 005 | 20031219104122.3 | |
| 010 | @a7-80567-644-5@dCNY10.00 | |
| 100 | @a19980104d2002 em y0chiy0121 ea | |
| 101 | 1 | @achi@bjpn@beng@cita |
| 102 | @aCN@b320000 | |
| 105 | @ay z 000fy | |
| 106 | @ar | |
| 200 | 10 | @a爱的教育@Aai de jiao yu@f(意)德·亚米契斯(Edmondo De Amicis)著@F(Yi)De·Ya Mi Qi Si(Edmondo De Amicis)Zhu@g夏丐尊译 |
| 210 | @a南京@c译林出版社@d2002 | |
| 215 | @a293页@d19cm | |
| 225 | 2 | @a世界文学名著@zeng |
| 410 | 0 | @120010@a世界文学名著 |
| 510 | 1 | @aCoure@zita |
| 606 | @a儿童文学-故事@y意大利@z近代@x选集 | |
| 606 | @a故事-儿童文学@y意大利@z近代@x选集 | |
| 690 | @aI546.44@v4 | |
| 701 | 0 | @a亚米契斯@bEdmondoDeAmicis@4著 |
| 702 | 0 | @a夏丐尊@Axia gai zun@4译 |
| 801 | @aCN@bTSTC@c20031203 | |
| 905 | @b329313-320@dI546.44@e31@f8 | |
| 爱的教育/(意)德·亚米契斯(Edmondo De Amicis)著/夏丐尊译.-南京:译林出版社,2002 |
| 293页;19cm.-(世界文学名著) |
| ISBN 7-80567-644-5:CNY10.00 |
| ● |
| 相关链接 |
|
|
|
|
正题名:爱的教育
索取号:I546.44/31
 
预约/预借
| 序号 | 登录号 | 条形码 | 馆藏地/架位号 | 状态 | 备注 |
| 1 | 0329313 | 203293131 | 第二借阅区/ [索取号:I546.44/31] | 在馆 | |
| 2 | 0329314 | 203293140 | 第二借阅区/ [索取号:I546.44/31] | 在馆 | |
| 3 | 0329315 | 203293159 | 第二借阅区/ [索取号:I546.44/31] | 在馆 | |
| 4 | 0329316 | 203293168 | 第二借阅区/ [索取号:I546.44/31] | 在馆 | |
| 5 | 0329317 | 203293177 | 第二借阅区/ [索取号:I546.44/31] | 在馆 | |
| 6 | 0329318 | 203293186 | 第二借阅区/ [索取号:I546.44/31] |
已借出,限还日期为2010.12.02 借出人:李嘉惠 |
|
| 7 | 0329319 | 203293195 | 第二借阅区/ [索取号:I546.44/31] | 在馆 | |
| 8 | 0329320 | 203293202 | 第一样本阅览室/ [索取号:I546.44/31] | 在馆 |